📖 150 premiers mots "Révélation" (Twilight T.4) S. Meyer - Statistiques

Statistiques générales
  • Ce quiz a Ă©tĂ© pris 136 fois
  • Le rĂ©sultat moyen est 63 sur 150
Statistiques - réponses
Mots % Correct
Ă 
96%
j'
95%
m'
93%
s'
93%
l'
92%
je.
89%
je
89%
Je
89%
d'
88%
il
83%
le
83%
la
82%
t'
82%
ma
81%
N'
80%
me
79%
me ...
79%
de
77%
et
73%
elle
71%
se
69%
les
68%
Forks
67%
qu'
64%
Ou
62%
des
60%
pas
60%
un
60%
ne
58%
que
58%
te
55%
au
54%
En
50%
en
50%
son
49%
Son
49%
avais
45%
y
45%
était-
43%
plus
43%
dans
42%
étais
42%
moi-
42%
moi ?
42%
si
40%
avait
38%
sans
36%
mĂŞme,
35%
sur
33%
cette
29%
Comme
26%
regard
24%
voiture
23%
Weber
23%
moins
20%
"Personne
18%
Personne
18%
Pourquoi
15%
regarde.
14%
étaient
13%
Puis
13%
encore
12%
trois
12%
pris
10%
ainsi ?
8%
ainsi
8%
coup
8%
oeil
8%
droite -
7%
gens ?
7%
train
7%
transperça,
7%
compris
6%
doute
6%
épie",
6%
feux
6%
jetai
6%
Mme
6%
compte
5%
fixait-
5%
mentir
5%
observe.
5%
passe
5%
rassurai-
5%
sentis
5%
surprise
5%
appliquait-
4%
attendant
4%
conscience
4%
direction.
4%
intérieur
4%
obligée
4%
rendait
4%
tourné
4%
trouvais,
4%
vert,
4%
vitres
4%
buste
2%
façon
2%
impoli
2%
incapable
2%
règle
2%
reluquer.
2%
sombres
2%
tâchai
2%
teintées
2%
uniques
2%
convaincante,
1%
monospace,
1%
néanmoins.
1%
toiser
1%
tressaillis.
1%
vérifier,
1%
Aucun quiz correspondant
Distribution des résultats
% des personnes avec chaque résultat
Percentile par nombre de réponses
Votre historique - résultats
Vous n’avez pas pris ce quiz